[Event "Mecklenburg VP-chC"]
[Site "Greifswald"]
[Date "2024.03.26"]
[Round "7"]
[White "Mykhailova, Yelyzaveta"]
[Black "Hopp, Celina"]
[Result "0-1"]
[WhiteElo "823"]
[BlackElo "1780"]
[PlyCount "72"]
[EventDate "2024.03.23"]
[EventType "swiss"]
[EventRounds "7"]
[EventCountry "GER"]
[SourceTitle "CB14_2024"]
[SourceDate "2024.04.01"]
[SourceVersion "1"]
[SourceVersionDate "2024.04.01"]
[SourceQuality "1"]

1. Nf3 d5 2. g3 Nc6 3. Bg2 e5 4. d4 e4 5. Ng5 h6 6. Nh3 g5 7. e3 Be6 8. b3 Bd6 9. Nd2 Qd7 10. Ng1 0-0-0 11. c4 f5 12. f3 Nf6 13. Ne2 Rde8 14. Nc3 Bb4 15. Bb2 Rhf8 16. Qe2 exf3 17. Bxf3 Bg8 18. 0-0-0 Nxd4 19. Qd3 Nxf3 20. Nxf3 dxc4 21. bxc4 Qxd3 22. Rxd3 Bxc4 23. Rd4 Bxc3 24. Bxc3 Bxa2 25. Re1 Ne4 26. Bb2 Rf6 27. Kd1 Rc6 28. Re2 Rd8 29. Ke1 a6 30. Ba3 Bc4 31. Rc2 Bb5 32. Rxd8+ Kxd8 33. Rxc6 Bxc6 34. Ne5 Bd5 35. Ke2 b5 36. Kd3 c6 0-1

[Event "Mecklenburg VP-chC"]
[Site "Greifswald"]
[Date "2024.03.24"]
[Round "4"]
[White "Hopp, Celina"]
[Black "Schwandowski, Udo"]
[Result "0-1"]
[WhiteElo "1780"]
[BlackElo "1785"]
[PlyCount "156"]
[EventDate "2024.03.23"]
[EventType "swiss"]
[EventRounds "7"]
[EventCountry "GER"]
[SourceTitle "CB14_2024"]
[SourceDate "2024.04.01"]
[SourceVersion "1"]
[SourceVersionDate "2024.04.01"]
[SourceQuality "1"]

1. e4 c5 2. Nf3 a6 3. d4 cxd4 4. Nxd4 Nf6 5. Nc3 e5 6. Nf3 Bb4 7. Bd2 d6 8. Bd3 0-0 9. h3 Nc6 10. 0-0 Ne7 11. Re1 b5 12. a3 Bc5 13. Be3 Bxe3 14. Rxe3 Bb7 15. Qe1 Ng6 16. Rd1 Rc8 17. Qd2 Qb6 18. Nh2 Rfe8 19. Be2 Red8 20. Ng4 Ne8 21. Rc1 Nc7 22. Bf3 Ne6 23. Nd5 Bxd5 24. Qxd5 Rc5 25. Qd2 Nd4 26. Bd1 Nf4 27. c3 Nde6 28. Bb3 h5 29. Nh2 Kh7 30. Rce1 g6 31. Nf3 Kg7 32. Kh2 Nc7 33. Rd1 Qb7 34. g3 Nfe6 35. Qe2 Ne8 36. Bd5 Qb6 37. Red3 N6c7 38. Kg2 Nf6 39. b4 Rxd5 40. exd5 Qb7 41. Ng5 Ncxd5 42. f3 h4 43. Qd2 Ne7 44. Rxd6 Rxd6 45. Qxd6 e4 46. fxe4 hxg3 47. Kxg3 Nxe4+ 48. Nxe4 Nf5+ 49. Kf4 Nxd6 50. Rxd6 Qc8 51. Kg3 Qa8 52. Rd4 Qb8+ 53. Kf3 Qh2 54. Nf2 Qc7 55. Rd3 Qc6+ 56. Ke3 Qe6+ 57. Kf3 f6 58. Kg3 f5 59. Kf3 g5 60. Kg3 Qe5+ 61. Kf3 Qf4+ 62. Kg2 Qc7 63. Kf3 Kf6 64. Kg2 Qc6+ 65. Kg3 Ke5 66. Re3+ Kd5 67. Rf3 Qe6 68. Rd3+ Kc4 69. Kf3 Kb3 70. Kg3 Kxa3 71. Kf3 Ka4 72. Kg3 Kb3 73. Kg2 Kc4 74. Kf3 Qe5 75. Kg2 Qe2 76. Kg3 f4+ 77. Kg2 Qxf2+ 78. Kxf2 Kxd3 0-1

[Event "GER-chT U20 Girls"]
[Site "Magdeburg"]
[Date "2023.12.30"]
[Round "7.3"]
[White "Hopp, Celina"]
[Black "Neumeier, Valentina"]
[Result "0-1"]
[WhiteElo "1583"]
[BlackElo "1546"]
[PlyCount "148"]
[EventDate "2023.12.26"]
[EventType "team-swiss"]
[EventRounds "7"]
[EventCountry "GER"]
[SourceTitle "CB03_2024"]
[SourceDate "2024.01.17"]
[SourceVersion "1"]
[SourceVersionDate "2024.01.17"]
[SourceQuality "1"]
[WhiteTeam "Lichtenberg Borussia"]
[BlackTeam "Kelheim"]
[WhiteTeamCountry "GER"]
[BlackTeamCountry "GER"]

1. e4 e5 2. Nf3 Nc6 3. Bc4 Bc5 4. Nc3 d6 5. d3 h6 6. Be3 Bb6 7. h3 Nf6 8. Qd2 Be6 9. Bb3 Qd7 10. 0-0-0 Bxb3 11. axb3 Nd4 12. Bxd4 Bxd4 13. Nxd4 exd4 14. Ne2 c5 15. g4 0-0-0 16. Ng3 g6 17. Rde1 b6 18. Qf4 Ne8 19. Re2 Nc7 20. Rhe1 Ne6 21. Qf3 Qb7 22. Nf1 g5 23. Ng3 Nf4 24. Rd2 Kb8 25. c3 Qa6 26. Qd1 d5 27. c4 dxc4 28. bxc4 b5 29. Qb3 b4 30. Kc2 Kc7 31. Rdd1 Qb6 32. Ra1 Ra8 33. Ra4 a5 34. Kd2 h5 35. Nf5 hxg4 36. hxg4 Rh3 37. Ng3 Qe6 38. Qd1 Kb6 39. Rh1 Rah8 40. Rxh3 Rxh3 41. Kc2 Rh2 42. Qf3 f6 43. e5 Qxe5 44. Qa8 Rxf2+ 45. Kb3 Rxb2+ 46. Kxb2 Nxd3+ 47. Kb3 Nc1+ 48. Kc2 d3+ 49. Kxc1 Qe1+ 50. Kb2 Qc3+ 51. Kb1 Qb3+ 52. Ka1 Qxa4+ 53. Kb1 Qc2+ 54. Ka1 Qc1+ 55. Ka2 Qxc4+ 56. Ka1 Qc3+ 57. Kb1 Qe1+ 58. Kb2 Qxg3 59. Qd8+ Kb5 60. Qd7+ Kc4 61. Qe6+ Kd4 62. Qxf6+ Qe5 63. Qf2+ Kc4+ 64. Kb1 b3 65. Qf7+ Kc3 66. Qf2 Qd4 67. Qb2+ Kb4 68. Qd2+ Qc3 69. Qg2 Qe1+ 70. Kb2 Qe2+ 71. Qxe2 dxe2 72. Kc1 e1Q+ 73. Kb2 Qd2+ 74. Ka1 Qa2# 0-1

[Event "GER-chT U20 Girls"]
[Site "Magdeburg"]
[Date "2023.12.27"]
[Round "1.7"]
[White "Hopp, Celina"]
[Black "Mai, Mariella"]
[Result "1/2-1/2"]
[WhiteElo "1583"]
[BlackElo "1667"]
[PlyCount "111"]
[EventDate "2023.12.26"]
[EventType "team-swiss"]
[EventRounds "7"]
[EventCountry "GER"]
[SourceTitle "CB03_2024"]
[SourceDate "2024.01.17"]
[SourceVersion "1"]
[SourceVersionDate "2024.01.17"]
[SourceQuality "1"]
[WhiteTeam "Lichtenberg Borussia"]
[BlackTeam "Meuselwitz"]
[WhiteTeamCountry "GER"]
[BlackTeamCountry "GER"]

1. e4 e6 2. d4 d5 3. exd5 exd5 4. Nf3 Nf6 5. Bd3 Bd6 6. Qe2+ Be7 7. 0-0 0-0 8. c3 Bg4 9. Bg5 Nbd7 10. Nbd2 c6 11. Rae1 Bd6 12. Qd1 Qc7 13. Qc2 Rae8 14. h3 Bh5 15. Nh4 Bf4 16. Bxf4 Qxf4 17. Nf5 Bg6 18. Ne7+ Kh8 19. Nxg6+ fxg6 20. Nf3 Kg8 21. Re2 Rxe2 22. Qxe2 Re8 23. Qd1 Ne4 24. Re1 Ndf6 25. Re2 Nd7 26. Qe1 Ndf6 27. Bc2 Kh8 28. Nd2 Nd6 29. Rxe8+ Nfxe8 30. Bd3 g5 31. Qe7 Qf6 32. Qe3 Qf4 33. Qe2 Kg8 34. Qe6+ Qf7 35. Qe2 Qf4 36. Nf3 Qc1+ 37. Kh2 Qf4+ 38. g3 Qf6 39. Kg2 h6 40. Ne5 Qe7 41. Qh5 Nf6 42. Qf3 Nd7 43. Nxd7 Qxd7 44. Qe2 Qe8 45. Qd2 Ne4 46. Qc2 Nf6 47. Qb3 Qe7 48. Qa4 a6 49. Qb3 Ne4 50. Qc2 Nd6 51. Qd1 Qf6 52. Qe2 Qf7 53. Qf3 Qf6 54. Qh5 Qe6 55. Qd1 Qe8 56. Qd2 1/2-1/2

[Event "Mecklenburg VP LL2 Ost 2223"]
[Site "Mecklenburg VP"]
[Date "2023.01.15"]
[Round "5.3"]
[White "Lichte, Martin"]
[Black "Hopp, Celina"]
[Result "1-0"]
[WhiteElo "2072"]
[BlackElo "1628"]
[PlyCount "81"]
[EventDate "2022.10.23"]
[EventType "team-tourn"]
[EventRounds "9"]
[EventCountry "GER"]
[SourceTitle "EXT 2024"]
[Source "ChessBase"]
[SourceDate "2023.10.10"]
[SourceVersion "1"]
[SourceVersionDate "2023.10.10"]
[SourceQuality "1"]
[WhiteTeam "Neubrandenburg II"]
[BlackTeam "Gryps SV"]
[WhiteTeamCountry "GER"]
[BlackTeamCountry "GER"]

1. Nf3 d5 2. g3 Bf5 3. Bg2 e6 4. c4 c6 5. cxd5 cxd5 6. 0-0 Bd6 7. Nc3 Nf6 8. d3 0-0 9. Qb3 b6 10. e4 dxe4 11. dxe4 Nxe4 12. Nh4 Nd7 13. Nxe4 Bxe4 14. Bxe4 Rc8 15. Rd1 Nc5 16. Qe3 Qc7 17. Bg2 Rcd8 18. Qe2 Be5 19. Rxd8 Rxd8 20. Nf3 Bf6 21. Bf4 Qe7 22. Be5 Bxe5 23. Nxe5 Qf6 24. Rd1 Rxd1+ 25. Qxd1 g6 26. f4 a5 27. b3 Qe7 28. Qd4 Qc7 29. Nc4 h6 30. Bf1 h5 31. Qd6 Qxd6 32. Nxd6 Kf8 33. Nc8 Nd7 34. Bb5 Nf6 35. Nxb6 Ne4 36. Nc4 Nc3 37. a4 Nxb5 38. axb5 Ke7 39. Nxa5 Kd7 40. Nc4 f6 41. Kf2 1-0

[Event "Mecklenburg VP LL2 Ost 2223"]
[Site "Mecklenburg VP"]
[Date "2022.11.06"]
[Round "2.3"]
[White "Hopp, Celina"]
[Black "Reimer, Karl"]
[Result "1/2-1/2"]
[WhiteElo "1628"]
[BlackElo "1520"]
[PlyCount "97"]
[EventDate "2022.10.23"]
[EventType "team-tourn"]
[EventRounds "9"]
[EventCountry "GER"]
[SourceTitle "EXT 2024"]
[Source "ChessBase"]
[SourceDate "2023.10.10"]
[SourceVersion "1"]
[SourceVersionDate "2023.10.10"]
[SourceQuality "1"]
[WhiteTeam "Gryps SV"]
[BlackTeam "Motor Wolgast"]
[WhiteTeamCountry "GER"]
[BlackTeamCountry "GER"]

1. e4 c5 2. Nc3 Nc6 3. Nge2 Nf6 4. d4 cxd4 5. Nxd4 a6 6. Bg5 e6 7. Nxc6 bxc6 8. e5 Qa5 9. Bxf6 gxf6 10. exf6 Qe5+ 11. Be2 Bb4 12. Qd3 Qxf6 13. 0-0 Bxc3 14. bxc3 d5 15. Rab1 Qg6 16. c4 Qxd3 17. cxd3 Ke7 18. Rb6 Kd6 19. Bf3 Bd7 20. Rfb1 Rhc8 21. Kf1 Rc7 22. cxd5 exd5 23. d4 Bf5 24. Rc1 Bd3+ 25. Ke1 Bb5 26. Rc5 Kd7 27. Kd2 Rca7 28. Bxd5 cxd5 29. Rxd5+ Ke8 30. Rh6 Rd8 31. Rxd8+ Kxd8 32. Rxh7 Re7 33. a3 Re2+ 34. Kc3 Rxf2 35. g3 Ke7 36. Kb4 Kd6 37. Rh5 Rd2 38. d5 Rxd5 39. Rxd5+ Kxd5 40. h4 Be2 41. Ka5 Ke5 42. h5 Bxh5 43. Kxa6 Kf5 44. Kb6 Bd1 45. Kc5 Kg4 46. Kd4 Kxg3 47. Ke5 Kf3 48. Kf6 Bb3 49. a4 1/2-1/2